Normal view
MARC view
- Evidence, Criminal
Entry Topical Term
001 - CONTROL NUMBER
- control field: 95806
003 - CONTROL NUMBER IDENTIFIER
- control field: NUST
005 - DATE AND TIME OF LATEST TRANSACTION
- control field: 20220729144411.0
008 - FIXED-LENGTH DATA ELEMENTS
- fixed length control field: 220729|| aca||aabn | a|a d
040 ## - CATALOGING SOURCE
- Original cataloging agency: NUST
- Transcribing agency: NUST
150 ## - HEADING--TOPICAL TERM
- Topical term or geographic name entry element: Evidence, Criminal
670 ## - SOURCE DATA FOUND
- Source citation: Work cat.: (NUST)211185: Casey, Eoghan. 94330, Digital evidence and computer crime :, c2011.
